00842nam a2200217Ii 45000010005000000030009000050080041000140400033000550410008000880820022000961000038001182450101001562640058002573000012003153360026003273370028003533380027003819400050004089990017004589520149004752662CO-ViMGA241108s9999||||xx |||||||||||||| ||und|| aCO-ViMGAbspaerdacCO-ViMGA0 aspa04aFA 344.078 - C17e1 aAdalberto Carvajal Salcedo94421610aEducadores frente a la ley:bAnálisis crítico, histórico y jurídico del Estatuto Docente 1aBogotá, Colombia : Rodríguez Quito editores, 1985 avolumen atextbtxt2rdacontent aunmediatedbn2rdamedia avolumebnc2rdacarrier aidficha_siabuc: 2604. -- ficha_no_siabuc:2662 c38670d38670 001040708FDArangoaMEVIGERRbMEVIGERRcLOCALd2006-10-30oFA 344.078 - C17epECA17349r2024-11-25 15:05:26tEj.1w2024-11-25yBKz2604 | 3147